Case law update October 2009 (Record no. 81963)

MARC details
000 -LEADER
fixed length control field 01042cad a22002055a 4500
001 - CONTROL NUMBER
control field E148797
008 - FIXED-LENGTH DATA ELEMENTS--GENERAL INFORMATION
fixed length control field 091111s2009 xxk f v 000 0 eng d
035 ## - SYSTEM CONTROL NUMBER
System control number (Sirsi) u148797
041 0# - LANGUAGE CODE
Language code of text/sound track or separate title eng
110 1# - MAIN ENTRY--CORPORATE NAME
Corporate name or jurisdiction name as entry element Keating Chambers
245 00 - TITLE STATEMENT
Title Case law update October 2009
Medium [electronic resource]
260 ## - PUBLICATION, DISTRIBUTION, ETC.
Date of publication, distribution, etc. 2009
490 ## - SERIES STATEMENT
Series statement Keating Chambers Case Law Update
520 ## - SUMMARY, ETC.
Summary, etc. Provides a list of references to articles and some law cases from 2009 relating to construction law and dispute resolution. Focuses on adjudication, arbitration and dispute resolution, contract and procurement law, construction and engineering contract disputes law, general and professional negligence, practice and procedure.
590 ## - LOCAL NOTE (RLIN)
Local note KA
651 #4 - SUBJECT ADDED ENTRY--GEOGRAPHIC NAME
Geographic name England and Wales
Chronological subdivision 1543-
690 ## - LOCAL SUBJECT ADDED ENTRY--TOPICAL TERM (OCLC, RLIN)
Topical term or geographic name as entry element MANAGEMENT-DISPUTE AVOIDANCE, MANAGEMENT AND RESOLUTION-DISPUTE MANAGEMENT AND RESOLUTION-ARBITRATION
856 40 - ELECTRONIC LOCATION AND ACCESS
Uniform Resource Identifier <a href="https://www.keatingchambers.co.uk/resources/case_law/2009/oct_09.aspx">https://www.keatingchambers.co.uk/resources/case_law/2009/oct_09.aspx</a>
Public note View the article free of charge at www.keatingchambers.co.uk...
942 ## - ADDED ENTRY ELEMENTS (KOHA)
Suppress in OPAC 0
Holdings
Withdrawn status Lost status Source of classification or shelving scheme Damaged status Not for loan Home library Current library Shelving location Date acquired Total Checkouts Full call number Barcode Date last seen Copy number Price effective from Koha item type
    Dewey Decimal Classification     Virtual Virtual Online 11/11/2009   ONLINE PUBLICATION 148797-2001 06/08/2019 1 06/08/2019 Book